Normal view
MARC view
- Supervised by Attiq Ahmad
Entry Personal Name
001 - CONTROL NUMBER
- control field: 132942
003 - CONTROL NUMBER IDENTIFIER
- control field: NUST
005 - DATE AND TIME OF LATEST TRANSACTION
- control field: 20260127135426.0
008 - FIXED-LENGTH DATA ELEMENTS
- fixed length control field: 260127|| aca||aabn | a|a d
040 ## - CATALOGING SOURCE
- Original cataloging agency: NUST
- Transcribing agency: NUST
100 ## - HEADING--PERSONAL NAME
- Personal name: Supervised by Attiq Ahmad
670 ## - SOURCE DATA FOUND
- Source citation: Work cat.: (NUST): Riaz, Rana Farid 132941, Automatic Seed Sowing Robot /, June, 2021
